000 00493nab a2200157 4500
003 ES-SlBCS
005 20210327231238.0
008 160510s2016 sp ||||| |||| 00| 0 spa d
040 _aES-SlBCS
_bspa
100 1 _aMerkelt, Judith
_9409404
245 1 5 _aLos (d)efectos de la oficina colectiva
_cJudith Merkelt
650 0 4 _aEntorno Laboral
_9410659
650 0 4 _aPsicología del Trabajo
_9167575
773 0 _gNº 78, 2016, págs. 24-28
_tMente y Cerebro
_wRev1286
_x1695-0887
942 _2lcc
_cAR
999 _c857305
_d857305